书目信息 |
| 题名: |
新求精德语强化教程 (全新版)
|
|
| 作者: | 葛彦之 编著 ;教育部直属同济大学留德预备部 | |
| 分册: | I 高级 | |
| 出版信息: | 上海 同济大学出版社 2004.07 |
|
| 页数: | 241页 | |
| 开本: | 29cm | |
| 丛书名: | ||
| 单 册: | ||
| 中图分类: | H33 | |
| 科图分类: | ||
| 主题词: | 德语--de yu--高等学校--教材 | |
| 电子资源: | ||
| ISBN: | 7-5608-2864-7 | |
| 000 | 01118nam0 2200277 450 | |
| 001 | 012009770094 | |
| 005 | 20090919112503.45 | |
| 010 | @a7-5608-2864-7@dCNY29.80 | |
| 100 | @a20090919d2004 em y0chiy0120 ea | |
| 101 | 0 | @achi@ager |
| 102 | @aCN@b310000 | |
| 105 | @aa z 000yy | |
| 106 | @ar | |
| 200 | 1 | @a新求精德语强化教程 (全新版)@Axin qiu jing de yu qiang hua jiao cheng(quan xin ban)@d= Stichwort Deutsch intensivkurs fur oberstufe@i高级@hI@f教育部直属同济大学留德预备部@Fjiao yu bu zhi shu tong ji da xue liu de yu bei bu@zger |
| 205 | @a第2版 | |
| 210 | @a上海@c同济大学出版社@d2004.07 | |
| 215 | @a241页@c图@d29cm | |
| 314 | @a编著取自书中 | |
| 330 | @a本册书包括了16个主题, 涉及德国大学生活、社会热点话题、人文、自然科学的科普知识等。每篇课文均配以DSH的题型。 | |
| 510 | 1 | @aStichwort Deutsch intensivkurs fur oberstufe@zger |
| 606 | 0 | @a德语@Ade yu@x高等学校@x教材 |
| 690 | @aH33@v4 | |
| 701 | 0 | @a葛彦之@Age yan zhi@4编著 |
| 712 | 02 | @a教育部直属同济大学留德预备部@Ajiao yu bu zhi shu tong ji da xue liu de yu bei bu |
| 801 | 0 | @aCN@bQSSK@c20090919 |
| 905 | @b756717-21@dH33@eG319:1@f5 | |
| 新求精德语强化教程 (全新版)= Stichwort Deutsch intensivkurs fur oberstufe.高级.I/教育部直属同济大学留德预备部.-第2版.-上海:同济大学出版社,2004.07 |
| 241页:图;29cm |
| ISBN 7-5608-2864-7:CNY29.80 |
| 本册书包括了16个主题, 涉及德国大学生活、社会热点话题、人文、自然科学的科普知识等。每篇课文均配以DSH的题型。 |
| ● |
| 相关链接 |
|
|
|
正题名:新求精德语强化教程 (全新版)
索取号:H33/G319:1
 
预约/预借
| 序号 | 登录号 | 条形码 | 馆藏地/架位号 | 状态 | 备注 |
| 1 | 756717 | 207567177 | 语言库209/209语言库 117排2列5层/ [索取号:H33/G319:1] | 在馆 | |
| 2 | 756718 | 207567186 | 语言库209/209语言库 117排2列5层/ [索取号:H33/G319:1] | 在馆 | |
| 3 | 756719 | 207567195 | 语言库209/209语言库 117排2列5层/ [索取号:H33/G319:1] | 在馆 | |
| 4 | 756720 | 207567202 | 语言库209/209语言库 117排2列5层/ [索取号:H33/G319:1] | 在馆 | |
| 5 | 756721 | 207567211 | 语言库209/209语言库 117排2列5层/ [索取号:H33/G319:1] | 在馆 |